U.S. Congress , The economic reports of the president : (Record no. 113082)

MARC details
000 -LEADER
fixed length control field 00491nam a22001577a 4500
003 - CONTROL NUMBER IDENTIFIER
control field BD-ChCU
005 - DATE AND TIME OF LATEST TRANSACTION
control field 20260519143834.0
008 - FIXED-LENGTH DATA ELEMENTS--GENERAL INFORMATION
fixed length control field 260519b bg ||||| |||| 00| 0 ben d
040 ## - CATALOGING SOURCE
Transcribing agency BD-ChCU
082 ## - DEWEY DECIMAL CLASSIFICATION NUMBER
Classification number 330.973 UNE
245 ## - TITLE STATEMENT
Title U.S. Congress , The economic reports of the president :
Remainder of title as transmitted to the congress , January , 1949./
260 ## - PUBLICATION, DISTRIBUTION, ETC.
Place of publication, distribution, etc. New Yrok :
Name of publisher, distributor, etc. Harcourt ,
Date of publication, distribution, etc. C 1949.
300 ## - PHYSICAL DESCRIPTION
Extent xxxvi , 333p.
650 #0 - SUBJECT ADDED ENTRY--TOPICAL TERM
Topical term or geographic name entry element U.S. - Economic Conditions .
9 (RLIN) 23199
942 ## - ADDED ENTRY ELEMENTS (KOHA)
Source of classification or shelving scheme Dewey Decimal Classification
Koha item type Books
Suppress in OPAC No
Holdings
Withdrawn status Lost status Source of classification or shelving scheme Damaged status Not for loan Home library Current library Shelving location Date acquired Source of acquisition Total Checkouts Full call number Barcode Date last seen Copy number Price effective from Koha item type
    Dewey Decimal Classification     Chittagong University Library Chittagong University Library Business and Social Science Reading Room 19/05/2026 Purchase   330.973 UNE 14659 19/05/2026 C-1 19/05/2026 Books
© Copyright 2026. Chittagong University Library, Installation and Maintenance by Prof. Dr. Md. Alamgir, 01711306253